|
|
|
|
| LEADER |
00000naa2a2200000 4500 |
| 001 |
222959 |
| 005 |
20260219165232.0 |
| 035 |
|
|
|a (RuTPU)RU\TPU\book\243190
|
| 035 |
|
|
|a RU\TPU\book\243159
|
| 090 |
|
|
|a 222959
|
| 100 |
|
|
|a 20121003d2012 k y0rusy50 ca
|
| 101 |
0 |
|
|a rus
|
| 102 |
|
|
|a RU
|
| 135 |
|
|
|a drcn ---uucaa
|
| 181 |
|
0 |
|a i
|
| 182 |
|
0 |
|a b
|
| 200 |
1 |
|
|a Исследование морфологии биосовместимых покрытий на основе оксидов и оксинитридов титана
|f И. А. Гребнева, Н. С. Морозова, М. Е. Конищев
|g науч. рук. В. Ф. Пичугин
|
| 203 |
|
|
|a Текст
|c электронный
|
| 215 |
|
|
|a 1 файл (1.1 Mb)
|
| 225 |
1 |
|
|a Секция 6: Материаловедение
|
| 300 |
|
|
|a Заглавие с титульного листа
|
| 320 |
|
|
|a [Библиогр.: с. 140 (3 назв.)]
|
| 337 |
|
|
|a Adobe Reader
|
| 461 |
|
1 |
|0 (RuTPU)RU\TPU\book\240890
|t Современные техника и технологии
|o сборник трудов XVIII международной научно-практической конференции студентов, аспирантов и молодых ученых, Томск, 9-13 апреля 2012 г
|o в 3 т.
|f Национальный исследовательский Томский политехнический университет (ТПУ)
|d 2012
|
| 463 |
|
1 |
|0 (RuTPU)RU\TPU\book\242828
|t Т. 2
|v [С. 139-140]
|d 2012
|
| 610 |
1 |
|
|a электронный ресурс
|
| 610 |
1 |
|
|a труды учёных ТПУ
|
| 610 |
1 |
|
|a исследование
|
| 610 |
1 |
|
|a морфология
|
| 610 |
1 |
|
|a биосовместимые покрытия
|
| 610 |
1 |
|
|a оксиды
|
| 610 |
1 |
|
|a оксинитриды
|
| 610 |
1 |
|
|a титан
|
| 700 |
|
1 |
|a Гребнева
|b И. А.
|
| 701 |
|
1 |
|a Морозова
|b Н. С.
|c специалист в области теоретической и экспериментальной физики
|c инженер-проектировщик Томского политехнического университета
|g Наталья Сергеевна
|3 (RuTPU)RU\TPU\pers\28689
|
| 701 |
|
1 |
|a Конищев
|b М. Е.
|c физик
|c старший преподаватель Томского политехнического университета
|f 1987-
|g Максим Евгеньевич
|3 (RuTPU)RU\TPU\pers\27837
|9 12872
|
| 702 |
|
1 |
|a Пичугин
|b В. Ф.
|c российский физик
|c профессор Томского политехнического университета, доктор физико-математических наук
|f 1944-
|g Владимир Федорович
|4 727
|
| 801 |
|
2 |
|a RU
|b 63413507
|c 20130923
|g RCR
|
| 856 |
4 |
|
|u http://www.lib.tpu.ru/fulltext/v/Conferences/2012/C2/V2/v2_067.pdf
|
| 942 |
|
|
|c CF
|